[Event "GABIJ I"]
[Site "SchemingMind.com"]
[Date "2025.01.06"]
[Round "-"]
[White "Ronald R. Nurmi"]
[Black "Mariano51"]
[Result "0-1"]
[WhiteCountry "USA"]
[BlackCountry "CUB"]
[WhiteElo "1664"]
[WhiteRD "87"]
[BlackElo "2018"]
[BlackRD "112"]
[GameID "750744"]

1. d4 d5 2. Bf4 c5 3. e3 Nc6 4. c3 Nf6 5. Nd2 Bf5 6. Qb3 Qd7 7. Ngf3 c4 8. Qd1 e6 9. Be2 b5 10. a3 h6
11. h3 Bd6 12. Ne5 Qc7 13. Ndf3 Na5 14. O-O Nb3 15. Ra2 Ne4 16. Kh1 g5 17. Bh2 f6 18. Ng4 Bxg4 19. hxg4 h5
0-1

[Event "GABIJ I"]
[Site "SchemingMind.com"]
[Date "2025.01.07"]
[Round "-"]
[White "Mariano51"]
[Black "Ronald R. Nurmi"]
[Result "1-0"]
[WhiteCountry "CUB"]
[BlackCountry "USA"]
[WhiteElo "2018"]
[WhiteRD "112"]
[BlackElo "1664"]
[BlackRD "87"]
[GameID "750745"]

1. e4 d5 2. exd5 Qxd5 3. Nc3 Qd6 4. d4 Nf6 5. Nf3 c6 6. Bd3 Bg4 7. Be3 Nbd7 8. h3 Bh5 9. Qe2 e6 10. O-O-O Qc7
11. Kb1 Bb4 12. Ne4 Nxe4 13. Bxe4 Nf6 14. g4 Bg6 15. Bxg6 hxg6 16. Ne5 O-O-O 17. c4 Bd6 18. Nd3 Ne4 19. c5 Be7 20. Bf4
1-0

[Event "GABIJ I"]
[Site "SchemingMind.com"]
[Date "2025.01.06"]
[Round "-"]
[White "Ronald R. Nurmi"]
[Black "Nioro"]
[Result "0-1"]
[WhiteCountry "USA"]
[BlackCountry "CUB"]
[WhiteElo "1636"]
[WhiteRD "77"]
[BlackElo "2018"]
[BlackRD "89"]
[GameID "750750"]

1. d4 Nf6 2. Bg5 d5 3. e3 c5 4. Bxf6 exf6 5. Nc3 Nc6 6. Nge2 Be6 7. g3 cxd4 8. exd4 Bd6 9. Bg2 Ne7 10. O-O O-O
11. Nb5 Bb8 12. Rc1 Qd7 13. Nbc3 g6 14. h3 Bxh3 15. Kh2 Bxg2 16. Kxg2 Kg7 17. Rh1 h5 18. Ng1 Rh8 19. Nh3 a6 20. Qd2 h4
21. Ne2 Bc7 22. Nef4 g5 23. Ne2 Rae8 24. c3 Ng6 25. Rce1 hxg3 26. fxg3 Qg4 27. Nf2 Rxe2 28. Qxe2 Qxg3+
0-1

[Event "GABIJ I"]
[Site "SchemingMind.com"]
[Date "2025.01.07"]
[Round "-"]
[White "Nioro"]
[Black "Ronald R. Nurmi"]
[Result "1-0"]
[WhiteCountry "CUB"]
[BlackCountry "USA"]
[WhiteElo "2018"]
[WhiteRD "89"]
[BlackElo "1636"]
[BlackRD "77"]
[GameID "750751"]

1. e4 c6 2. d4 d5 3. Nc3 dxe4 4. Nxe4 Bf5 5. Ng3 Bg6 6. h4 h6 7. h5 Bh7 8. Nf3 Nd7 9. Bd3 Bxd3 10. Qxd3 e6
11. Bd2 Ngf6 12. O-O-O Be7 13. Ne4 O-O 14. Kb1 c5 15. dxc5 Qc7 16. Nxf6+ Nxf6 17. g4 Rfd8 18. Qe2 Bxc5 19. g5 Nh7 20. gxh6 g6
21. hxg6 fxg6 22. Qxe6+ Qf7 23. Qe4 Re8 24. Qf4 Qxf4 25. Bxf4 Bxf2 26. Bc1 Re7 27. Rd6
1-0

[Event "GABIJ I"]
[Site "SchemingMind.com"]
[Date "2025.01.06"]
[Round "-"]
[White "Phillip Beckett"]
[Black "JAHI"]
[Result "1/2-1/2"]
[WhiteCountry "ENG"]
[BlackCountry "INT"]
[WhiteElo "1505"]
[WhiteRD "51"]
[BlackElo "2130"]
[BlackRD "82"]
[GameID "750752"]

1. e4 c6 2. d4 d6 3. Nc3 g6 4. Nf3 Bg4 5. Be2 Bg7 6. h3 Bxf3 7. Bxf3 h6 8. O-O Nd7 9. Be3 Ngf6 10. Qd2 Kf8
11. Rad1 Ne8 12. Rfe1 Nc7 13. d5 c5 14. g3 b6 15. Bg2 b5 16. f4 b4 17. Ne2 Bxb2 18. e5 Nb5 19. Rb1 Bc3 20. Nxc3 Nxc3
21. Rb3 Nb6 22. e6 Nc4=
1/2-1/2

[Event "GABIJ I"]
[Site "SchemingMind.com"]
[Date "2025.01.06"]
[Round "-"]
[White "JAHI"]
[Black "Phillip Beckett"]
[Result "1-0"]
[WhiteCountry "INT"]
[BlackCountry "ENG"]
[WhiteElo "2132"]
[WhiteRD "80"]
[BlackElo "1459"]
[BlackRD "50"]
[GameID "750753"]

1. c3 d5 2. g3 e5 3. Bg2 Nf6 4. d3 Nc6 5. Bg5 Be7 6. h3 h6 7. Bxf6 Bxf6 8. Nd2 Be6 9. Kf1 O-O 10. Ngf3 Qd7
11. a3 Rfe8 12. a4 Rad8 13. Ne1 g6 14. a5 d4 15. Qa4 Bd5 16. Ne4 dxc3 17. Nxf6+
1-0

[Event "GABIJ I"]
[Site "SchemingMind.com"]
[Date "2025.01.06"]
[Round "-"]
[White "Phillip Beckett"]
[Black "Chesswitchery"]
[Result "0-1"]
[WhiteCountry "ENG"]
[BlackCountry "USA"]
[WhiteElo "1459"]
[WhiteRD "50"]
[BlackElo "1608"]
[BlackRD "60"]
[GameID "750754"]

1. e4 d5 2. exd5 Nf6 3. Bb5+ Bd7 4. Bc4 b5 5. Bb3 a5 6. a3 Bg4 7. f3 Bh5 8. Ne2 Nxd5 9. O-O e6 10. Ng3 Bg6
11. Re1 a4 12. Bxd5 Qxd5 13. d3 Bc5+ 14. Kh1 Nd7 15. Ne4 O-O 16. Nbc3 Qb7 17. Nxc5 Nxc5 18. Ne4 Nxe4 19. dxe4 Rfd8 20. Qe2 Rd7
21. Bf4 Rad8 22. Rad1 c6 23. Rxd7 Rxd7 24. Rd1 Qc8 25. Rxd7 Qxd7 26. Qd2 Qxd2 27. Bxd2 h5 28. Kg1 f6 29. Kf2 e5 30. g3 Bf7
31. h4 Bc4 32. Ke3 g6 33. Bb4= Kf7 34. Bc5 Ke6 35. c3 f5 36. exf5+ Kxf5 37. Bd6 Ke6 38. Bf8 Kd5 39. Bg7 Bb3 40. f4 e4
41. Be5 Bc2 42. Bd4 Kc4 43. Bc5 Kxc5 44. b4+ axb3
0-1

[Event "GABIJ I"]
[Site "SchemingMind.com"]
[Date "2025.01.06"]
[Round "-"]
[White "Chesswitchery"]
[Black "Phillip Beckett"]
[Result "1-0"]
[WhiteCountry "USA"]
[BlackCountry "ENG"]
[WhiteElo "1608"]
[WhiteRD "60"]
[BlackElo "1459"]
[BlackRD "50"]
[GameID "750755"]

1. d4 d5 2. c4 e6 3. Nc3 Nf6 4. Bg5 Be7 5. Nf3 h6 6. Bxf6 Bxf6 7. e3 O-O 8. Rc1 c6 9. Be2 Nd7 10. cxd5 exd5
11. O-O Be7 12. a3 Nf6 13. Qc2 Bd6 14. e4 dxe4 15. Nxe4 Nxe4 16. Qxe4 Qe7 17. Qxe7 Bxe7 18. b4 Bg4 19. Rfe1 Bd6 20. Ne5 Bxe2
21. Rxe2 Rfe8 22. Rce1 f6 23. Nc4 Bf8 24. Rxe8 Rxe8 25. Rxe8
1-0

[Event "GABIJ I"]
[Site "SchemingMind.com"]
[Date "2025.01.06"]
[Round "-"]
[White "Phillip Beckett"]
[Black "Mariano51"]
[Result "0-1"]
[WhiteCountry "ENG"]
[BlackCountry "CUB"]
[WhiteElo "1459"]
[WhiteRD "50"]
[BlackElo "2018"]
[BlackRD "112"]
[GameID "750756"]

1. e4 c5 2. Nf3 e6 3. d4 cxd4 4. Nxd4 Nf6 5. Nc3 Nc6 6. Ndb5 d6 7. Bg5 a6 8. Na3 b5 9. Nab1 b4 10. Bxf6 Qxf6
11. Ne2 d5 12. exd5 Bc5 13. dxc6 Bxf2+ 14. Kd2 Qg5+ 15. Kd3 Qd5+ 16. Nd4 Qxd4+ 17. Ke2 Qe3#
0-1

[Event "GABIJ I"]
[Site "SchemingMind.com"]
[Date "2025.01.06"]
[Round "-"]
[White "Mariano51"]
[Black "Phillip Beckett"]
[Result "1-0"]
[WhiteCountry "CUB"]
[BlackCountry "ENG"]
[WhiteElo "2018"]
[WhiteRD "112"]
[BlackElo "1459"]
[BlackRD "50"]
[GameID "750757"]

1. e4 e5 2. Nf3 Nc6 3. Bc4 Nf6 4. d3 Be7 5. O-O d6 6. c3 O-O 7. a4 Na5 8. Ba2 c5 9. b4 cxb4 10. cxb4 Nc6
11. b5 Nd4 12. Nxd4 exd4 13. Bb2 Be6 14. Bxe6 fxe6 15. Bxd4 e5 16. Qb3+ Kh8 17. Bb2 Nd7 18. Ba3 Nc5 19. Bxc5 dxc5 20. Nc3 Qxd3
21. Rfd1 c4 22. Rxd3 cxb3 23. Rb1 Rad8 24. Rxd8 Rxd8 25. Nd5 Bc5 26. Rxb3 b6 27. Kf1 Kg8 28. h4 Rf8 29. f3 Rc8 30. Rc3 Kf7
31. g3 Ke6 32. Ke2 Kd7 33. f4 exf4 34. gxf4 Bd4 35. Rd3 Rc2+ 36. Kf3 Rf2+ 37. Kg3 Bc5 38. Ne3+
1-0

[Event "GABIJ I"]
[Site "SchemingMind.com"]
[Date "2025.01.06"]
[Round "-"]
[White "Phillip Beckett"]
[Black "Nioro"]
[Result "0-1"]
[WhiteCountry "ENG"]
[BlackCountry "CUB"]
[WhiteElo "1459"]
[WhiteRD "50"]
[BlackElo "1959"]
[BlackRD "108"]
[GameID "750762"]

1. e4 e5 2. Nf3 Nf6 3. Nxe5 d6 4. Nf3 Nxe4 5. Qe2 Qe7 6. d3 Nf6 7. Bg5 Qxe2+ 8. Bxe2 Be7 9. Nbd2 h6 10. O-O-O hxg5
11. Rhe1 g4 12. Ng1 Rxh2 13. f3 Rxg2 14. fxg4 Bxg4 15. Bxg4 Rxg4 16. Ndf3 Kf8 17. Nh2 Rf4 18. Re2 Nc6 19. Nhf3 g6 20. Rde1 d5
21. Ng5 Rf5 22. N1f3 Nh5 23. Nh7+ Kg7 24. Ne5 Nxe5 25. Rxe5 Rxe5 26. Rxe5 Bd6 27. Rxd5 Kxh7
0-1

[Event "GABIJ I"]
[Site "SchemingMind.com"]
[Date "2025.01.07"]
[Round "-"]
[White "Nioro"]
[Black "Phillip Beckett"]
[Result "1-0"]
[WhiteCountry "CUB"]
[BlackCountry "ENG"]
[WhiteElo "1959"]
[WhiteRD "108"]
[BlackElo "1459"]
[BlackRD "50"]
[GameID "750763"]

1. c4 e5 2. Nc3 Nf6 3. Nf3 Nc6 4. e4 Bb4 5. d3 d6 6. a3 Ba5 7. Be2 Nd4 8. Nxd4 exd4 9. b4 Bb6 10. Na4 c5
11. Nxb6 axb6 12. Bg5 O-O 13. O-O h6 14. Bh4 g5 15. Bg3 Be6 16. f4 gxf4 17. Bxf4 Qd7 18. Bxh6 Nh7 19. Rf3 Rfe8 20. Rg3+ Kh8
21. Bg7+ Kg8 22. Qd2 f5 23. Qh6 f4 24. Rg5 Nxg5 25. Qh8+ Kf7 26. Bh5+ Ke7 27. Bf6#
1-0

[Event "GABIJ I"]
[Site "SchemingMind.com"]
[Date "2025.01.06"]
[Round "-"]
[White "JAHI"]
[Black "Chesswitchery"]
[Result "*"]
[WhiteCountry "INT"]
[BlackCountry "USA"]
[WhiteElo "2160"]
[WhiteRD "87"]
[BlackElo "1568"]
[BlackRD "62"]
[GameID "750764"]

1. c3 d5 2. g3 e6 3. Bg2 c5 4. h3 Nc6 5. Kf1 Nf6 6. d3 Be7 7. Bg5 O-O 8. Nd2 e5 9. a3 Be6 10. a4 Qd7
11. a5 b6 12. c4 Rab8 13. axb6 axb6 14. h4 h6 15. Bxf6 Bxf6 16. cxd5 Bxd5 17. Bxd5 Qxd5 18. Ngf3 Nd4 19. Ne4 Nxf3 20. exf3 Be7
21. Ra7 Rfe8 22. Kg2 Rbd8 23. Qa4 Qxd3 24. Qc6 Qb3
*

[Event "GABIJ I"]
[Site "SchemingMind.com"]
[Date "2025.01.06"]
[Round "-"]
[White "Chesswitchery"]
[Black "JAHI"]
[Result "*"]
[WhiteCountry "USA"]
[BlackCountry "INT"]
[WhiteElo "1568"]
[WhiteRD "62"]
[BlackElo "2160"]
[BlackRD "87"]
[GameID "750765"]

1. d4 d6 2. c4 g6 3. Nf3 Bg7 4. e3 Bg4 5. Be2 Nd7 6. Qb3 Qc8 7. Nc3 h6 8. O-O c6 9. Re1 Kf8 10. Bd2 Ngf6
11. Rac1 Kg8 12. Qc2 Ne8 13. Qd3 Nc7 14. d5 c5 15. e4 b6 16. h3 Bxf3 17. Bxf3 Ne5 18. Qe2 a6 19. Na4 Rb8 20. Nc3 b5
21. cxb5 axb5 22. Qd1 b4 23. Ne2 Nxf3+ 24. Kf1 Nxe1 25. Qxe1
*

[Event "GABIJ I"]
[Site "SchemingMind.com"]
[Date "2025.01.06"]
[Round "-"]
[White "JAHI"]
[Black "Mariano51"]
[Result "*"]
[WhiteCountry "INT"]
[BlackCountry "CUB"]
[WhiteElo "2160"]
[WhiteRD "87"]
[BlackElo "2225"]
[BlackRD "76"]
[GameID "750766"]

1. c3 d5 2. g3 e5 3. Bg2 Nf6 4. d3 Bd6 5. Bg5 c6 6. Nd2 Nbd7 7. h3 h6 8. Bxf6 Nxf6 9. Kf1 O-O 10. a3 a5
11. a4 Bf5 12. Ngf3 Bh7 13. Ne1 Qb6 14. Qb3 Qa7 15. e3 Rad8 16. Kg1 e4 17. d4 h5 18. h4 Bf5 19. Bh3 Bxh3 20. Rxh3 b5
21. axb5 cxb5 22. Qd1 Qd7 23. Kg2 a4 24. Rh1 Rb8 25. Nc2 Rfc8 26. Re1 Rb6
*

[Event "GABIJ I"]
[Site "SchemingMind.com"]
[Date "2025.01.06"]
[Round "-"]
[White "Mariano51"]
[Black "JAHI"]
[Result "*"]
[WhiteCountry "CUB"]
[BlackCountry "INT"]
[WhiteElo "2225"]
[WhiteRD "76"]
[BlackElo "2160"]
[BlackRD "87"]
[GameID "750767"]

1. e4 d6 2. d4 g6 3. Nf3 Bg4 4. h3 Bxf3 5. Qxf3 Bg7 6. Bc4 e6 7. c3 h6 8. O-O c6 9. Bf4 Nf6 10. Bb3 Nh5
11. Bh2 Nf6 12. Kh1 Na6 13. Nd2 d5 14. exd5 cxd5 15. Ba4+ Kf8 16. Rfe1 Kg8 17. Qe2 Nb8 18. Nf3 Nc6 19. Bxc6 bxc6 20. Ne5 Qc8
21. a4 Qb7 22. a5 a6 23. Ra4 Bf8 24. c4 Kh7 25. c5
*

[Event "GABIJ I"]
[Site "SchemingMind.com"]
[Date "2025.01.07"]
[Round "-"]
[White "JAHI"]
[Black "Nioro"]
[Result "*"]
[WhiteCountry "INT"]
[BlackCountry "CUB"]
[WhiteElo "2160"]
[WhiteRD "87"]
[BlackElo "2035"]
[BlackRD "93"]
[GameID "750772"]

1. c3 e5 2. c4 Nf6 3. Nc3 d5 4. cxd5 Nxd5 5. g3 c5 6. Bg2 Be6 7. h3 Be7 8. d3 O-O 9. a3 Nc6 10. Nf3 Qd7
11. a4 Ndb4 12. Be3 Rad8 13. Kf1 Qc8 14. Qc1 Na5 15. Nxe5 Nb3 16. Qb1 Nxa1 17. Qxa1 Nc2 18. Qc1 Nxe3+ 19. Qxe3 Bf6 20. Nf3 b6
21. Qd2 Bb3 22. a5 bxa5 23. Kg1 c4 24. d4 Rfe8 25. Kh2 Qc7 26. Ra1 Qb6 27. e3 Be7
*

[Event "GABIJ I"]
[Site "SchemingMind.com"]
[Date "2025.01.07"]
[Round "-"]
[White "Nioro"]
[Black "JAHI"]
[Result "*"]
[WhiteCountry "CUB"]
[BlackCountry "INT"]
[WhiteElo "2035"]
[WhiteRD "93"]
[BlackElo "2160"]
[BlackRD "87"]
[GameID "750773"]

1. e4 d6 2. d4 g6 3. Nc3 Bg7 4. Nf3 Bg4 5. Be3 h6 6. Be2 Nd7 7. O-O c6 8. Qd2 Kf8 9. Rad1 Ngf6 10. e5 Ne8
11. h3 Bxf3 12. Bxf3 e6 13. Be2 Kg8 14. g4 f6 15. f4 Nf8 16. Qe1 f5 17. Qg3 Qe7 18. Kh1 Rh7 19. Rg1 Kh8 20. Rg2 Rd8
21. Rf1 c5 22. exd6 Rxd6 23. dxc5
*

[Event "GABIJ I"]
[Site "SchemingMind.com"]
[Date "2025.01.06"]
[Round "-"]
[White "Chesswitchery"]
[Black "Mariano51"]
[Result "0-1"]
[WhiteCountry "USA"]
[BlackCountry "CUB"]
[WhiteElo "1608"]
[WhiteRD "60"]
[BlackElo "2018"]
[BlackRD "112"]
[GameID "750774"]

1. d4 Nf6 2. c4 Nc6 3. Nf3 e6 4. e3 d5 5. Nc3 Bd6 6. Bd2 O-O 7. Rc1 dxc4 8. Bxc4 e5 9. dxe5 Nxe5 10. Be2 c6
11. O-O Re8 12. e4 Qe7 13. Nxe5 Qxe5 14. f4 Qd4+ 15. Kh1 Nxe4 16. Rc2 Bf5 17. Nxe4 Qxe4 18. Rc1 Qxe2 19. Qxe2 Rxe2 20. Bc3 Be4
21. Rg1 Re8
0-1

[Event "GABIJ I"]
[Site "SchemingMind.com"]
[Date "2025.01.06"]
[Round "-"]
[White "Mariano51"]
[Black "Chesswitchery"]
[Result "1-0"]
[WhiteCountry "CUB"]
[BlackCountry "USA"]
[WhiteElo "2018"]
[WhiteRD "112"]
[BlackElo "1608"]
[BlackRD "60"]
[GameID "750775"]

1. e4 d5 2. exd5 Nf6 3. d4 Nxd5 4. Nf3 c5 5. dxc5 Qa5+ 6. Bd2 Qxc5 7. c4 Nf6 8. Nc3 Nc6 9. Nb5 Qb6 10. c5 Qd8
11. Bf4 Qa5+ 12. b4 Qxb4+ 13. Bd2 Qe4+ 14. Be2 Nd5 15. Ng5 Qe5 16. O-O h6 17. Nf3 Qe6 18. Bc4 a6 19. Bxd5 Qd7 20. Bxc6 Qxc6
21. Ba5 Bd7 22. Nc7+
1-0

[Event "GABIJ I"]
[Site "SchemingMind.com"]
[Date "2025.01.06"]
[Round "-"]
[White "Chesswitchery"]
[Black "Nioro"]
[Result "0-1"]
[WhiteCountry "USA"]
[BlackCountry "CUB"]
[WhiteElo "1608"]
[WhiteRD "60"]
[BlackElo "1959"]
[BlackRD "108"]
[GameID "750780"]

1. d4 Nf6 2. c4 e6 3. Nf3 d5 4. Nc3 c6 5. Bd2 Be7 6. e3 O-O 7. cxd5 exd5 8. Be2 Nbd7 9. O-O Bd6 10. h3 Re8
11. Rc1 Ne4 12. Qc2 Ndf6 13. Bd3 Bf5 14. Rfe1 Qd7 15. Nh4 Bxh3 16. Nxe4 dxe4 17. Be2 g5 18. g3 gxh4 19. Kh2 hxg3+ 20. fxg3 Ng4+
21. Kxh3 Nf2+ 22. Kg2 Qh3+ 23. Kxf2 Bxg3+
0-1

[Event "GABIJ I"]
[Site "SchemingMind.com"]
[Date "2025.01.07"]
[Round "-"]
[White "Nioro"]
[Black "Chesswitchery"]
[Result "1-0"]
[WhiteCountry "CUB"]
[BlackCountry "USA"]
[WhiteElo "2018"]
[WhiteRD "89"]
[BlackElo "1552"]
[BlackRD "57"]
[GameID "750781"]

1. d4 d5 2. c4 e6 3. Nc3 Bb4 4. Nf3 Bxc3+ 5. bxc3 c5 6. cxd5 exd5 7. Ba3 cxd4 8. Qxd4 Nf6 9. e3 Nc6 10. Bb5 Be6
11. O-O Qd7 12. Qa4 Ne4 13. Ne5 Qc7 14. Nxc6 bxc6 15. Bxc6+ Bd7 16. Bxd7+ Qxd7 17. Qd4 f6 18. c4 Rd8 19. Rad1 Qa4 20. Qb2 Qxc4
21. Rc1 Qa6 22. Rc7 Rg8 23. Re7+ Kf8 24. Rxe4+ Kf7 25. Re7+ Kg6 26. Qc2+ f5 27. g4 Qf6 28. Qxf5+ Qxf5 29. gxf5+ Kxf5 30. Rxa7 d4
31. exd4 Rxd4 32. Bc5 Rg4+ 33. Kh1 Rg6 34. Rf7+ Ke6 35. Rf8 Rxf8 36. Bxf8 Kf7 37. Bb4 Re6 38. a4 Re4 39. Rb1 g5 40. a5 Kg6
41. a6 Re8 42. a7 g4 43. Bc5 h5 44. Rb8 Re1+ 45. Kg2 h4 46. h3 gxh3+ 47. Kxh3 Rh1+ 48. Kg2
1-0

[Event "GABIJ I"]
[Site "SchemingMind.com"]
[Date "2025.01.07"]
[Round "-"]
[White "Mariano51"]
[Black "Nioro"]
[Result "1-0"]
[WhiteCountry "CUB"]
[BlackCountry "CUB"]
[WhiteElo "2133"]
[WhiteRD "86"]
[BlackElo "2018"]
[BlackRD "89"]
[GameID "750786"]

1. e4 c5 2. Nf3 e6 3. d4 cxd4 4. Nxd4 Nf6 5. Nc3 Nc6 6. Ndb5 d6 7. Bf4 e5 8. Bg5 a6 9. Na3 b5 10. Nd5 Be7
11. Nxe7 Qxe7 12. c4 Nd4 13. Bd3 Ne6 14. Bh4 O-O 15. O-O g5 16. Bg3 h5 17. h3 h4 18. Bh2 Kh7 19. cxb5 Rg8 20. f3 Nh5
21. Rf2 Nef4 22. Bxf4 Nxf4 23. Bf1 Rd8 24. Rd2 Nh5 25. Qe1 Ng3 26. b6 Nxf1 27. Kxf1 Be6 28. Rc1 Rac8 29. Rd3 Kg6 30. Rxc8 Rxc8
31. Qb4 g4 32. fxg4 Qg5 33. b7 Qc1+ 34. Kf2 Rb8 35. b3 Qb2+ 36. Rd2 Rxb7 37. Qxd6 Qc3 38. Nc4 Qg3+ 39. Kf1 Rb5 40. Qxa6 Qf4+
41. Ke1 Rc5 42. Qd6 Rb5 43. Qd3 Rb7 44. Qf3 Qg5 45. Nd6 Rd7 46. Qf2 Kg7 47. Kd1 Rd8 48. Kc2 Qe7 49. Nf5+ Bxf5 50. gxf5 Rb8
51. Kb2 Qf6 52. a4 Rb6 53. Rd5 Rb4 54. Qe3 Rb8 55. a5
1-0

[Event "GABIJ I"]
[Site "SchemingMind.com"]
[Date "2025.01.07"]
[Round "-"]
[White "Nioro"]
[Black "Mariano51"]
[Result "1/2-1/2"]
[WhiteCountry "CUB"]
[BlackCountry "CUB"]
[WhiteElo "2018"]
[WhiteRD "89"]
[BlackElo "2133"]
[BlackRD "86"]
[GameID "750787"]

1. d4 d5 2. c4 e6 3. Nc3 dxc4 4. e4 c5 5. Nf3 cxd4 6. Qxd4 Qxd4 7. Nxd4 Bd7 8. Bxc4 Nc6 9. Nb3 Nf6 10. O-O Be7
11. f4 Nb4 12. e5 Nfd5 13. Bxd5 Nxd5 14. Nxd5 exd5 15. Be3 f6 16. Rac1 Rf8 17. Rfe1 fxe5 18. fxe5 b6 19. Bd4 Be6 20. Rc7 Rf4
21. Bf2 Rc4 22. Rxc4 dxc4 23. Nd4 Kd7 24. Rd1 Bf8 25. Nb5+ Kc8 26. Nd6+ Kc7 27. Nxc4 Bxc4 28. Rc1 b5 29. b3 Rd8 30. Be3 Kc6
31. bxc4 b4 32. Kf2 Re8= 33. Bd4 Bc5 34. Bxc5 Kxc5 35. Re1 Kd4 36. e6 Kxc4 37. Re4+ Kc5 38. Ke3 Kd5 39. Rxb4 Rxe6+ 40. Kf2 Ra6
41. Rb2 Ke6 42. Kg3 Kf5 43. Rb5+ Kg6 44. Rb2 Kf6 45. Kf4 g5+ 46. Kg4 Ra4+ 47. Kg3 h5 48. h3 Ra3+ 49. Kh2 h4 50. Rf2+ Ke5
51. Re2+ Kd4 52. Rd2+ Ke4 53. Re2+=
1/2-1/2